Central Library OPAC University of Rajshahi

The impact of socio-economic dualism on the development process : (Record no. 34301)

MARC details
000 -LEADER
fixed length control field 01065nam a2200313 a 4500
001 - CONTROL NUMBER
control field 34301
003 - CONTROL NUMBER IDENTIFIER
rucl marc code BD-RjUL
005 - DATE AND TIME OF LATEST TRANSACTION
control field 20211209052134.0
008 - FIXED-LENGTH DATA ELEMENTS--GENERAL INFORMATION
fixed length control field 140515s1982 ii b 001 0 eng
035 ## - SYSTEM CONTROL NUMBER
System control number (BD-RjUL)34395
040 ## - CATALOGING SOURCE
Original cataloging agency LC
Language of cataloging eng
Transcribing agency LC
Modifying agency WU
-- BD-RjUL
041 ## - LANGUAGE CODE
Language code of text/sound track or separate title eng
082 04 - DEWEY DECIMAL CLASSIFICATION NUMBER
Classification number 306.30954
Edition number 19
Author mark and year LAI 1982
100 1# - MAIN ENTRY--PERSONAL NAME
Personal name Lakshman, T. K.
9 (RLIN) 104286
245 14 - TITLE STATEMENT
Title The impact of socio-economic dualism on the development process :
Remainder of title economic pulls versus social rigidities in India /
Statement of responsibility, etc. T.K. Lakshman, Uma Bhosekar.
246 3# - VARYING FORM OF TITLE
Title proper/short title Development process
250 ## - EDITION STATEMENT
Edition statement 1st ed.
260 ## - PUBLICATION, DISTRIBUTION, ETC. (IMPRINT)
Place of publication, distribution, etc. Bombay :
Name of publisher, distributor, etc. Himalaya Pub. House,
Date of publication, distribution, etc. 1982.
300 ## - PHYSICAL DESCRIPTION
Pagination xiv, 189 p. ;
Size 23 cm.
500 ## - GENERAL NOTE
General note Running title: The development process.
504 ## - BIBLIOGRAPHY, ETC. NOTE
Bibliography, etc Bibliography: p. [179]-182 and index.
651 #0 - SUBJECT ADDED ENTRY--GEOGRAPHIC NAME
Geographic name India
General subdivision Economic conditions.
9 (RLIN) 104287
Geographic name India
General subdivision Social conditions.
9 (RLIN) 104288
Geographic name India
General subdivision Economic policy.
9 (RLIN) 104289
Geographic name India
General subdivision Social policy.
9 (RLIN) 104290
700 1# - ADDED ENTRY--PERSONAL NAME
Personal name Bhosekar, Uma.
942 ## - ADDED ENTRY ELEMENTS (KOHA)
Source of classification or shelving scheme Dewey Decimal Classification
Koha item type Books
Holdings
Lost status Source of classification or shelving scheme Damaged status Not for loan Collection code Permanent Location Current Location Shelving location Date acquired Source of acquisition Cost, normal purchase price Total Checkouts Full call number Date last seen Copy number Koha item type
  Dewey Decimal Classification     Non-fiction Central Library, University of Rajshahi Central Library, University of Rajshahi   21/01/1985 Tulip Enterprise, Dhaka. 80.00   306.30954 LAI 1982 15/05/2014 C-2 Books
  Dewey Decimal Classification     Non-fiction Central Library, University of Rajshahi Central Library, University of Rajshahi   21/01/1985 Tulip Enterprise, Dhaka. 80.00   306.30954 LAI 1982 15/05/2014 C-3 Books
  Dewey Decimal Classification     Non-fiction Central Library, University of Rajshahi Central Library, University of Rajshahi   21/01/1985 Tulip Enterprise, Dhaka. 80.00   306.30954 LAI 1982 15/05/2014 C-5 Books
  Dewey Decimal Classification   Not For Loan Non-fiction Central Library, University of Rajshahi Central Library, University of Rajshahi Reading Room 21/01/1985 Tulip Enterprise, Dhaka. 80.00   306.30954 LAI 1982 15/05/2014 C-1 Books
  Dewey Decimal Classification     Non-fiction Central Library, University of Rajshahi Central Library, University of Rajshahi   21/01/1985 Tulip. 80.00   306.30954 LAI 1982 19/05/2014 C-4 Books